| 000 | 00687nam a22002057a 4500 | ||
|---|---|---|---|
| 999 |
_c20724 _d20724 |
||
| 003 | AR-CdUCM | ||
| 008 | 190604b ||||| |||| 00| 0 spa d | ||
| 040 |
_aMUNICIPALIDAD PROVINCIAL DEL CUSCO _cBIBLIOTECA MUNICIPAL DEL CUSCO |
||
| 082 |
_a868.5 / _bV24 |
||
| 100 |
_aValle - Inclan, Ramón _929062 |
||
| 245 |
_aLa lámpara maravillosa : _bEjercicios espirituales / |
||
| 260 |
_aMadrit : _bArtes de la ilustración, _c1922. |
||
| 300 |
_a249 páginas, _c19 cm. |
||
| 500 | _a[libro reempastado] | ||
| 505 | _aContenido: Gnosis -- El anillo de Giges -- El milagro musical... | ||
| 650 |
_aGnosis _943286 |
||
| 650 |
_aValle - Inclan _943287 |
||
| 942 |
_2ddc _cLIBROS |
||
| 945 | _aAndy | ||